000 02474nam a2200397 a 4500
001 ebr10453061
003 CaPaEBR
006 m u
007 cr cn|||||||||
008 920416s1992 iluad sb 001 0 eng d
010 _z 92015620
020 _z0226066339 (alk. paper)
020 _z9780226066332
020 _z9780226066707 (e-book)
040 _aCaPaEBR
_cCaPaEBR
035 _a(OCoLC)662457213
043 _an-us---
050 1 4 _aHD8081.A5
_bI52 1992eb
082 0 4 _a331.6/2/0973
_220
245 0 0 _aImmigration and the work force
_h[electronic resource] :
_beconomic consequences for the United States and source areas /
_cedited by George J. Borjas and Richard B. Freeman.
260 _aChicago :
_bUniversity of Chicago Press,
_c1992.
300 _aix, 281 p. :
_bill.
490 1 _aA National Bureau of Economic Research project report
504 _aIncludes bibliographical references and indexes.
505 0 _a1. National origin and the skills of immigrants in the postwar period / George J. Borjas -- 2. Out-migration and return migration of Puerto Ricans / Fernando A. Ramos -- 3. The assimilation of immigrants in the U.S. labor market / Robert J. LaLonde and Robert H. Topel -- 4. The fertility of immigrant women : evidence from high-fertility source countries / Francine D. Blau -- 5. Mass emigration, remittances, and economic adjustment : the case of El Salvador in the 1980s / Edward Funkhouser -- 6. When the minimum wage really bites : the effect of the U.S.-level minimum on Puerto Rico / Alida J. Castillo-Freeman and Richard B. Freeman -- 7. On the labor market effects of immigration and trade / George J. Borjas, Richard B. Freeman, and Lawrence F. Katz -- 8. The effect of immigrant arrivals on migratory patterns of native workers / Randall K. Filer.
533 _aElectronic reproduction.
_bPalo Alto, Calif. :
_cebrary,
_d2013.
_nAvailable via World Wide Web.
_nAccess may be limited to ebrary affiliated libraries.
650 0 _aForeign workers
_zUnited States.
650 0 _aLabor market
_zUnited States.
650 0 _aEmigrant remittances.
655 7 _aElectronic books.
_2local
700 1 _aBorjas, George J.
700 1 _aFreeman, Richard B.
_q(Richard Barry),
_d1943-
710 2 _aebrary, Inc.
830 0 _aNational Bureau of Economic Research project report.
856 4 0 _uhttp://site.ebrary.com/lib/rucke/Doc?id=10453061
_zAn electronic book accessible through the World Wide Web; click to view
999 _c227901
_d227901